000 00624nam a22002057a 4500
003 UA-OsUOA
001 44998
007 ta
008 20110921b un ||||| |||| 00| 0 ukr d
090 _a050
_bН35
942 _cNP
040 _aUA-OsUOA
_bukr
_cUA-OsUOA
_dUA-OsUOA
245 _aНаціональна трибуна
955 _a4
041 _aukr
080 _a050
310 _a2008:28-49, 2009: №1-49.
650 7 _a050 Серійні публікації. Періодика галузі, Організація та інші типи поєднання (співробітництва)
_2UDC
999 _c425101
_d425101